[Event "Corus"]
[Site "Wijk aan Zee"]
[Date "2008.01.26"]
[Round "12"]
[White "Kramnik, Vladimir"]
[Black "Carlsen, Magnus"]
[Result "0-1"]
[WhiteElo "2799"]
[BlackElo "2733"]
[Annotator "Carlsen,Magnus"]
[PlyCount "114"]
[EventDate "2008.01.12"]
[EventType "tourn"]
[EventRounds "13"]
[EventCountry "NED"]
[EventCategory "20"]
[SourceTitle "CBM 122"]
[Source "ChessBase"]
[SourceDate "2008.01.30"]
[SourceVersion "1"]
[SourceVersionDate "2008.01.30"]
[SourceQuality "1"]

{Before this game I had lost to Vishy in a complicated struggle, so for this game I decided that I should just try and make a draw, (which is not an easy task anyway) and not lose 3 out of the last four games, winning against van Wely only by a miracle.} 1. Nf3 Nf6 2. c4 e6 3. Nc3 {I must admit that I rather expected the Catalan here, but possibly because I had defended quite confidently against his Catalan in the Tal he decided to switch this time} c5 4. g3 b6 5. Bg2 Bb7 6. O-O Be7 7. d4 (7. Re1 d5 8. cxd5 Nxd5 {hasn't given White much lately, neither after} 9. d4 ({Nor} 9. e4 Nb4 $1) 9... cxd4 {As for instance in Aronian-Jakovenko} (9... Nxc3 10. bxc3 Be4 11. Ne5 Bxg2 12. Kxg2 O-O 13. e4 {Was probably somewhat better for White in Carlsen-Aronian, Elista 2007.})) 7... cxd4 8. Qxd4 d6 9. Rd1 a6 10. Ng5 {A fairly old line I think, which is not considered especially dangerous for Black if he's well prepared. Unfortunately I couldn't remember anything, and so I had to start thinking from this point.} Bxg2 11. Kxg2 Nc6 {I didn't find a comfortable way to put this guy on d7, so I came up with this move, which is part of a plan which turned out to have a reasonably good reputation.} 12. Qf4 O-O 13. Nce4 Ne8 {Retreating is considered to be the normal reaction to e4. The black position is now slightly awkward, but the white knights are not perfectly placed either.} 14. b3 Ra7 15. Bb2 Rd7 {This move is probably not really necessary, but I thought that there was no better square for the rook anyway, and overprotecting the d6-pawn might turn out to be useful at some point. I had already spent a lot of time here, 45 minutes, but he had also spent some time, almost 40 minutes, which left me feeling relieved that he was not still in his preparation. Still, things are not really easy for Black. His coordination is somewhat worse than it usually is in the hedgehog, and I found it hard to find constructive waiting moves.} 16. Rac1 {h4 or f3 could also be considered, but the text is quite reasonable as well.} ({RR} 16. Nf3 h6 17. h4 f5 18. Nc3 Bf6 19. Qe3 e5 20. Nd5 f4 21. Qe4 Ne7 22. gxf4 exf4 23. Qe6+ Kh8 24. Bxf6 Nxf6 25. Nxf4 Qe8 26. Rxd6 Ng6 27. Nxg6+ Qxg6+ 28. Kf1 Rxd6 29. Qxd6 Re8 30. Rd1 Qg4 {Harsha,B (2499)-Shiva,P (2022) New Delhi 2022 1-0 (39)}) 16... Nc7 $146 {I spent quite some time on this move, which has the purpose of protecting e6, preparing f5. There were of course alternatives, the most natural being the more hedgehog-like} (16... Qa8 17. Nf3 b5 {I rejected it because I wasn't sure whether bxc4 bxc4 would really improve my position. That is why I decided that going for f5 and g5 was just according to the demands of the position.}) ({RR} 16... Qa8 17. Kg1 b5 18. Nf3 bxc4 19. Rxc4 d5 20. Nc5 Rd8 21. Rcc1 Nf6 22. Qa4 Nb8 23. Be5 Rc8 24. b4 Bxc5 25. bxc5 Ne4 26. Nd2 Nc6 27. Nxe4 Nxe5 28. Nd6 Rc7 29. Qf4 Nd7 30. Nf5 Rxc5 31. Rxc5 {Van der Sterren,P (2470)-Kindermann,S (2500) Munich 1988 ½-½ (104)}) 17. Nf3 f5 18. Nc3 g5 {Not especially aggressive or anything, just a normal continuation of the plan starting with c7.} 19. Qd2 (19. Qe3 g4 20. Nd2 {Not} (20. Nd4 Bg5 21. Nxc6 Bxe3 22. Nxd8 Bxc1 {winning an exchange.}) 20... Bg5 21. Qxb6 {was another, computer-like option. I thought that I would have very good counterplay after} Qa8 22. f3 $8 {and now just 22...e5 or even 22...b8 23.f2 e5 gives Black active piece play and good compensation for a pawn.}) 19... g4 20. Ne1 (20. Nd4 $6 {would be worse, since now} Bg5 21. e3 Ne5 {leaves the knight practically untouchable on e5. Note that it also makes it more difficult to create active play for White, since b4 and c5 would be almost impossible to carry out, as xd4 and a knight move to f3 would probably be strong then.}) 20... Bg5 {An important element in my plan. The weak f3-square will now be a constant worry for White.} 21. e3 Rff7 {A good prophylactic move, preventing a4 and c5 and preparing to redeploy the knight with e8-f6-e4 without having to worry about d5.} 22. Kg1 Ne8 23. Ne2 {A natural manoeuvre. The diagonal is opened for his bishop and the knight is transferred to a better square.} Nf6 24. Nf4 Qe8 {I would have liked to play e4 immediately, but I rejected it because of the queen sac:} (24... Ne4 25. Nxe6 $2 Qe8 26. Nxg5 Nxd2 27. Nxf7 {I don't really understand why though, since, as any engine points out,} Ne4 28. Nh6+ Kf8 {with the point that 29.xf5 f7 wins for Black.}) 25. Qc3 (25. Bxf6 {was an option, but at the same time it's hard to see how White can play for an advantage after giving up this bishop.}) 25... Rg7 {I really wanted to get that thing to e4. I felt that the position was about equal or maybe slightly better for White, but I was rather worried that I would blow it before the time-control, as I only had 17 minutes left here. At the same time I saw that Kramnik clearly was suffering from a cold and was feeling uncomfortable, which comforted me a little (thinking about my chances in this game that is!).} 26. b4 Ne4 27. Qb3 Rge7 28. Qa4 $6 ({Rybka's suggestion of} 28. f3 gxf3 29. Nxf3 Bf6 {really doesn't impress me much, but}) (28. h4 {as suggested by Nigel Short during my press-conference after the round was probably an improvement of the white position, and certainly better than the text. After only h4 I can only repeat my evaluation after my 25th move: equal or slightly better for White. The knight on e4 is certainly pretty, but the f4-knight is a good piece as well. It's not easy to take advantage of my weakened king, and not easy to make any clear progress for either side.}) 28... Ne5 29. Qxa6 $2 (29. c5 {is well met by} Nc4 $1 {so White should rather admit failure with}) (29. Qb3 {after gaining two tempi Black is obviously slightly better, but the white position is certainly playable.}) 29... Ra7 30. Qb5 {Having seen that} (30. Qxb6 Reb7 31. Qd4 Bf6 {would leave his queen trapped in the centre, Kramnik was forced to make this move, which he actually accompanied with a draw offer. I was slightly tempted of course, since I would have been happy with a draw before the game, but I realised that my position was so much better that I simply had to decline.}) 30... Qxb5 31. cxb5 Rxa2 32. Rc8+ Kf7 33. Nfd3 Bf6 34. Nxe5+ (34. Bxe5 dxe5 35. Rc6 Ng5 {is winning for Black.}) 34... dxe5 (34... Bxe5 {was probably better, but in time-trouble I was reluctant to allow} 35. Bxe5 dxe5 36. Nd3 {which however is well met by} Kf6 37. Rf8+ Kg7 38. Rd8 (38. Rb8 Rd7 $19) 38... Nc3 39. Rf1 (39. Nxe5 Nxd1 40. Rxd1 {is better but should lose as well.}) 39... Rd2 $1 {and wins.}) 35. Rc2 (35. Nd3 {leaves Black with a pleasant choice between} Nxf2 {and} (35... Ng5 {so White should rather retreat.})) 35... Rea7 36. Kg2 (36. Kf1 {was better, the king later headed in this direction anyway.}) 36... Ng5 37. Rd6 $2 {This pseudo-active move makes matters much worse for White, but Black had a practically winning positional advantage anyway.} e4 38. Bxf6 Kxf6 39. Kf1 (39. Rxb6 Ra1 40. Re2 Nf3 {loses at once.}) 39... Ra1 40. Ke2 (40. Rcd2 Rb1 41. Rd1 Rxb4 42. Rxb6 Rb2 {leaves White defenceless against the threats of aa2 and h3.}) 40... Rb1 {I made this move with only some 15 or so left on the clock, but I actually even spent some seconds on b1, so I wasn't really worried about losing on time.} 41. Rd1 (41. Rxb6 {leads to mate after the computer-like or loses a piece after} Rd7 (41... Raa1 42. Kd2 (42. Ng2 Nf3 $19) 42... Rxe1)) 41... Rxb4 42. Ng2 Rxb5 {Black is obviously winning now, and White might as well have resigned here. I understand that Kramnik chose to play on for a while though, as he couldn't have been especially happy about the way things turned out.} 43. Nf4 Rc5 44. Rb2 b5 45. Kf1 Rac7 46. Rbb1 (46. Kg2 {allows the exchange of one rook, which is desirable for Black.} Rc1 47. Rxc1 Rxc1 48. Rxb5 Nf3 49. Ne2 Re1 50. Rb2 Kg5 {and White is completely tied up, he cannot even play h4 due to gxh3 and e2. Black will win by playing e5 and h7-h5-h4.}) 46... Rb7 47. Rb4 Rc4 48. Rb2 b4 49. Rdb1 Nf3 50. Kg2 Rd7 $1 {The last good move, forcing the exchange of one rook. The rest doesn't require any comments.} 51. h3 e5 52. Ne2 Rd2 53. hxg4 fxg4 54. Rxd2 Nxd2 55. Rb2 Nf3 56. Kf1 b3 57. Kg2 Rc2 {I was obviously elated to win with Black against (a slightly weakened I have to add) Kramnik, I almost couldn't believe it. After this I again shared the lead, and even though I couldn't make anything of my slight advantage in the last game and win the tournament outright, I'm obviously very happy with my shared victory with Aronian.} 0-1

[Event "Norway Chess 1st"]
[Site "Stavanger"]
[Date "2013.05.08"]
[Round "1"]
[White "Carlsen, Magnus"]
[Black "Topalov, Veselin"]
[Result "1/2-1/2"]
[WhiteElo "2868"]
[BlackElo "2793"]
[Annotator "Marin,Mihail"]
[PlyCount "102"]
[EventDate "2013.05.08"]
[EventType "tourn"]
[EventRounds "9"]
[EventCountry "NOR"]
[EventCategory "21"]
[SourceTitle "CBM 155"]
[Source "ChessBase"]
[SourceDate "2013.07.16"]
[SourceVersion "1"]
[SourceVersionDate "2013.07.16"]
[SourceQuality "1"]

1. c4 c5 2. Nf3 Nf6 3. g3 ({It is interesting to compare the line played in this game with that obtained by symmetry:} 3. d4 cxd4 4. Nxd4 g6 5. Nc3 d5 {This idea had been developed by Korchnoi as a complement to the Grünfeld, one of his favoured openings half a century ago. He won a couple of games against 6.g5, but in his comments he considered} 6. cxd5 Nxd5 7. Ndb5 Nxc3 8. Qxd8+ Kxd8 9. Nxc3 Bg7 10. Bd2 {to be better, slightly favouring White on account of Black's impossibility to castle. Things are not entirely clear, though, since the king can reach safety anyway.} Nc6 11. g3 Be6 12. Bg2 Rc8 13. O-O Kc7 ({Black's coordination looks less harmonious after} 13... Ke8 14. Rfc1 b6 {Gheorghiu,F (2520)-Petrosian,T (2645) Skopje 1972 (1/2, 32)}) 14. Bf4+ Kb6 15. Rac1 {Fomichenko,E (2492)-Andonov,B (2326) Rennes 2008 EXT 2009 (1-0, 59)} Rhd8 {with similar play (with reversed colours) as in one of the lines below.}) 3... Nc6 4. Bg2 d5 5. cxd5 Nxd5 6. d4 {The only way to prevent Black setting up the Maroczy bind with reversed colours.} cxd4 7. Nxd4 Ndb4 {Not the only possible reaction, but surely a natural one.} 8. Nxc6 Qxd1+ 9. Kxd1 Nxc6 10. Nc3 ({Ulf Andersson, in his best days the world's greatest expert at getting an endgame advantage out of nothing, almost never refrained from a move like} 10. Bxc6+ {White can hardly claim an advantage here, but the weakness of the pawns will stay there forever, giving Ulf a clear plan of play.} bxc6 11. Nc3 e5 12. Be3 h5 (12... Be6 13. Kc2 Bb4 14. Na4 Bf5+ 15. Kc1 a5 16. Bc5 O-O-O 17. Bxb4 axb4 18. Rd1 Kc7 19. b3 h5 20. Rxd8 Rxd8 21. a3 bxa3 22. Rxa3 Ra8 23. Kb2 Rd8 24. Kc1 Ra8 25. Ra1 Ra5 26. Kb2 c5 $11 {Andersson,U (2605)-Sax,G (2610) Brussels 1988 (1/2, 44)}) 13. h4 Bb4 14. Kd2 Ke7 15. Rhc1 Rd8+ 16. Ke1 Be6 17. a3 Bxc3+ $6 {Black mistakenly thought that the opposite coloured bishops would make his defence easier.} (17... Ba5 {[%csl Gc5][%cal Ga5b6]}) 18. Rxc3 Bd5 19. b4 Rdb8 20. Bd2 Ke6 21. Rc5 Rb5 22. Rcc1 f6 23. a4 Rb7 24. Rc5 $14 {Andersson,U (2560)-Stean,M (2540) Sao Paulo 1979 (1-0, 52)}) 10... Bd7 {This is not so much a way to prevent xc6+, as it is a preventive measure against d5 or b5.} (10... g6 11. Nd5 $36) (10... e5 11. Nb5 $36) 11. Be3 (11. Nd5 O-O-O) (11. Nb5 Kd8) 11... g6 (11... O-O-O {1/2 Kramnik,V (2758)-Kasparov,G (2851)/Frankfurt 2000/CBM 078/[Stohl] (32)}) 12. Rc1 Bg7 13. Kc2 $146 {Entirely in the spirit of a game mentioned above.} (13. f4 {1-0 Smirin,I (2590)-Alterman,B (2615)/Dresden 1998/CBM 065/[Stohl] (49)}) (13. Ke1 h5 14. h3 Nd4 {1/2 (14) Izoria,Z (2602)-Mikhalevski,V (2572) Lake George 2005}) ({RR} 13. Ke1 h5 14. f4 h4 15. Kf2 hxg3+ 16. hxg3 Rxh1 17. Bxh1 Rc8 18. Bxc6 Rxc6 19. Bxa7 Bxc3 20. Rxc3 Rxc3 21. bxc3 f5 22. Ke3 Bb5 23. a4 Bxa4 24. Kd4 Kd7 25. e3 Bc6 26. Bb6 Ke6 27. Bc5 Be4 {Bellahcene,B (2488)-Chan,K (2405) Fujairah City UAE 2025 ½-½ (31)}) 13... Rc8 (13... Bf5+ 14. Kb3 {only helps White activating his king. In certain lines, having the b2-pawn defended would be quite useful, allowing a4-c5 or d5.} Na5+ (14... Be6+ 15. Ka3 Rc8 16. Na4 $14) 15. Kb4 Nc6+ 16. Ka3 Rc8 17. Nd5 $14 {[%csl Ga7,Gb7][%cal Gd5b4] One of the threats is b4, putting serious pressure on the black queenside pawns. here too, the usefullness of the king on a3 is obvious.}) 14. Rhd1 Na5 $146 ({RR} 14... Bf5+ 15. Be4 Nd4+ 16. Bxd4 Bxe4+ 17. Kb3 Bxd4 18. Nxe4 Rxc1 19. Rxc1 O-O 20. e3 Bb6 21. Rd1 f5 22. Nc3 Kf7 23. Rd5 Ke6 24. Rb5 Rc8 25. a4 Rc5 26. Rb4 Kd6 27. e4 Ba5 28. Rxb7 Bxc3 29. bxc3 {Hausrath,D (2495)-Gschnitzer,A (2363) Muenster 2018 ½-½}) 15. Bd4 ({If} 15. Kb1 {White has to reckon with a continuation in the style of Ulf:} Bxc3 $5) 15... Bf5+ 16. e4 Bxd4 17. Rxd4 Be6 18. b3 f6 19. f4 Kf7 20. Kb2 Rhd8 $11 {Black has normal development and White's space advantage does not count that much. Both participants displayed high fighting spirit, but the equality will persist, with one exception, until the end.} 21. Rcd1 Rxd4 22. Rxd4 Nc6 23. Rd2 h6 24. Bf3 Bh3 25. Nb5 h5 26. Be2 h4 $6 {This coud have led to some problems.} 27. Bc4+ $6 (27. gxh4 $5 a6 (27... Rh8 28. h5 gxh5 29. f5 a6 $6 30. Bc4+ Kg7 31. Nc7 $16) 28. Nc3 Rh8 29. h5 gxh5 30. Na4 $14) 27... Be6 28. Bd5 hxg3 29. hxg3 a6 30. Nc3 Rd8 31. Na4 Bxd5 32. exd5 Nb4 33. Nc3 Nc6 34. Ka3 Na7 35. Kb4 Nc8 36. Ne4 Nd6 37. Nc5 Rc8 38. Ne6 b6 39. Rh2 Nf5 40. g4 Ne3 41. Rh7+ Ke8 42. Rh8+ Kd7 43. Rxc8 Kxc8 44. g5 Nxd5+ 45. Kc4 Ne3+ 46. Kd4 Nf5+ 47. Ke4 Kb7 48. Nf8 Nd6+ 49. Kd5 fxg5 50. fxg5 Nf7 51. Nxg6 Nxg5 1/2-1/2